000 01326nam a22002295i 4500
001 154633
003 ES-MaACL
005 20250816063144.0
008 011114s1852 sp |||| | spa d
100 2 _aGonzález y Crespo, Mariano José,
_d1794-1868
_9127450
245 1 4 _aLas escrófulas y su curación, mediante el uso interno y externo de las aguas minero-medicinales del establecimiento de baños de Carlos III, en la villa de Trillo :
_bterapéutica hidrológica /
_cpor el doctor D. Mariano José González y Crespo.
260 _aMadrid :
_b[s.n.],
_c1852 (
_fImp. de D. Alejandro Gómez Fuentenebro)
300 _a79, 16 p. ;
_c22 cm.
505 8 _aContiene: Noticia abreviada del establecimiento de aguas y baños minero-medicinales de Carlos III, en la villa de Trillo,...
530 _aDisponible en formato digital.
650 0 0 _aSistema linfático-
_xEnfermedades.
_917130
650 4 _aAguas minerales-
_zTrillo (Guadalajara)
_9172328
650 0 0 _aHidrología-
_zEspaña.
_913340
852 _aES-MaACL
_jT-356-F-14
_z- Enc. hol., falto de cub. original
_z- An. ms.: Ded. de Gustavo Sáenz Díez a la biblioteca de Los Escolares Médicos"
_z- Enc. en un vol. facticio
856 _uhttp://bdh-rd.bne.es/viewer.vm?id=0000109220&page=1
_zBiblioteca Digital Hispánica
999 _c154633
_d154633